000 00651nam a2200241Ia 4500
003 OSt
005 20221005101700.0
006 a|||||r|||| 00| 0
007 ta
008 221004b |||||||| |||| 00| 0 mal d
024 _a57985
037 _cTextual
040 _aCRL
_cCRL
_bmal
041 _2mal
_amal
082 _aO32,6M91j, J9
100 _aMenon Puthezhath Rama
_9622522
245 0 _aKazhtchappadukal
260 _aTrichur
_bVividha India
_c1959
300 _a292p.
_ccm.
650 _aMALAYALAM LITERATURE
_938866
942 _hO32,6M91j, J9
_cTEXL
_2cc
999 _c1007199
_d1007199